LEADER 04102nam 2200589 450 001 9910155388703321 005 20200520144314.0 010 $a3-11-045939-6 024 7 $a10.1515/9783110459395 035 $a(CKB)3850000000000968 035 $a(MiAaPQ)EBC4768891 035 $a(DE-B1597)460711 035 $a(OCoLC)985981419 035 $a(OCoLC)992455431 035 $a(DE-B1597)9783110459395 035 $a(PPN)202112233 035 $a(Au-PeEL)EBL4768891 035 $a(CaPaEBR)ebr11316713 035 $a(CaONFJC)MIL967010 035 $a(OCoLC)962064202 035 $a(EXLCZ)993850000000000968 100 $a20161222h20162016 uy 0 101 0 $ager 135 $aurcnu|||||||| 181 $2rdacontent 182 $2rdamedia 183 $2rdacarrier 200 10$aBenjamin Constant $ecorrespondance generale, XI (1819-1820) /$fTextes etablis et annotes par Cecil Courtney et Paul Rowe ; avee la collaboration de Adrianne Tooke et Dennis Wood 210 1$aBerlin, [Germany] ;$aBoston, [England] :$cDe Gruyter,$d2016. 210 4$d©2016 215 $a1 online resource (776 pages) $cillustrations 225 0 $aBenjamin Constant : Ceuvres Completes : Serie Correspondance Generale ;$v11 311 $a3-11-042712-5 320 $aIncludes bibliographical references and index. 327 $tFrontmatter -- $tTable des matières -- $tListe des illustrations -- $tIntroduction au onzième volume -- $tAbréviations et sigles bibliographiques -- $tChronologie -- $tCorrespondance, (1819-1820). Part I -- $tCorrespondance, (1819-1820). Part II -- $tCorrespondance, (1819-1820). Part III -- $tAppendices -- $tRépertoire -- $tTables et Index 330 $aCet onzième volume de la Correspondance générale comprend 473 lettres écrites au cours des années 1819 et 1820, époque où Constant, comme député de la Sarthe à partir de mars 1819, ajoute à sa réputation de journaliste et de publiciste celle de brillant orateur et de défenseur des principes des libéraux. Le présent volume constitue aussi un précieux document sur la vie intellectuelle et politique de l'époque, non seulement à Paris, mais aussi dans la Sarthe, grâce à l'abondante correspondance de Constant avec de nombreux habitants de ce département. Le lecteur y trouvera aussi des lettres intéressantes entre Constant et certains membres de sa famille, notamment celles de sa demi-s?ur Louise, qui en décembre 1820 publie son premier roman Alphonse et Mathilde. 330 $aThis eleventh volume of the Correspondance générale, which covers the years 1819 and 1820, is a valuable document of the intellectual life of the period as well as the multiple activities of Benjamin Constant as député of the Sarthe, orator, journalist, publicist and champion of political and civil liberties during the second Restoration. Cet onzième volume de la Correspondance générale comprend 473 lettres écrites au cours des années 1819 et 1820, époque où Constant, comme député de la Sarthe à partir de mars 1819, ajoute à sa réputation de journaliste et de publiciste celle de brillant orateur et de défenseur des principes des libéraux. Le présent volume constitue aussi un précieux document sur la vie intellectuelle et politique de l'époque, non seulement à Paris, mais aussi dans la Sarthe, grâce à l'abondante correspondance de Constant avec de nombreux habitants de ce département. Le lecteur y trouvera aussi des lettres intéressantes entre Constant et certains membres de sa famille, notamment celles de sa demi-s?ur Louise, qui en décembre 1820 publie son premier roman Alphonse et Mathilde. 606 $aNovelists, Swiss$y19th century$vCorrespondence 608 $aElectronic books. 615 0$aNovelists, Swiss 676 $a848.609 700 $aCourtney$b Cecil$0255612 702 $aRowe$b Paul 702 $aTooke$b Adrianne 702 $aWood$b Dennis 801 0$bMiAaPQ 801 1$bMiAaPQ 801 2$bMiAaPQ 906 $aBOOK 912 $a9910155388703321 996 $aBenjamin Constant$92477460 997 $aUNINA LEADER 01221nam a2200289 i 4500 001 991001245339707536 008 070621s2007 enka b 001 0 eng 020 $a9781848447004 035 $ab13984068-39ule_inst 040 $aSet. Economia - SAGA$bita 082 00$a338.476205$222 245 00$aNew global frontiers in regulation :$bthe age of nanotechnology /$cedited by Graeme Hodge, Diana Bowman and Karinne Ludlow 260 $aCheltenham, UK ;$aNorthampton, MA :$bEdward Elgar,$cc2007 300 $axxi, 422 p. :$bill. ;$c24 cm 440 0$aMonash studies in global movements 504 $aIncludes bibliographical references and index 650 0$aNanostructured materials industry$xGovernment policy 650 0$aNanotechnology$xGovernment policy 700 1 $aHodge, Graeme A 700 1 $aBowman, Diana,$d1979- 700 1 $aLudlow, Karinne,$d1973- 907 $a.b13984068$b28-01-14$c31-05-11 912 $a991001245339707536 945 $aLE025 ECO 338.4 HOD01.01$g1$i2025000242333$lle025$nProf.ssa Di Porto$o-$pE41.59$q-$rl$s- $t0$u0$v0$w0$x0$y.i15294353$z08-07-11 996 $aNew global frontiers in regulation$9247799 997 $aUNISALENTO 998 $ale025$b31-05-11$cm$da $e-$feng$genk$h0$i0 LEADER 03418 am 2200613 n 450 001 9910251403003321 005 20170125 010 $a2-37546-086-3 010 $a2-8218-7839-7 024 7 $a10.4000/books.pressesenssib.1804 035 $a(CKB)3710000001633535 035 $z(PPN)199386129 035 $a(FrMaCLE)OB-pressesenssib-1804 035 $a(oapen)https://directory.doabooks.org/handle/20.500.12854/52194 035 $a(PPN)267946880 035 $a(EXLCZ)993710000001633535 100 $a20170720j|||||||| ||| 0 101 0 $afre 135 $auu||||||m|||| 181 $ctxt$2rdacontent 182 $cc$2rdamedia 183 $acr$2rdacarrier 200 12$aL?avenir des bibliothèques $eL?exemple des bibliothèques universitaires /$fFlorence Roche, Frédéric Saby 210 $aVilleurbanne $cPresses de l?enssib$d2017 311 $a979-1-0912-8113-3 330 $aL?évolution des bibliothèques est permanente ; du traitement des collections, sanctuarisées, protégées, le métier de bibliothécaire, après s?être emparé des technologies de l?information, est devenu plus technique ; il doit aujourd?hui se tourner vers un public plus exigeant, plus inconstant, aux attentes plus imprévisibles et plus diverses.Depuis le vote de la loi relative aux libertés et responsabilités des universités, dite loi LRU, en août 2007, et le passage aux responsabilités et compétences élargies (RCE), les missions, la place de la bibliothèque au sein de la communauté académique ne vont plus de soi. Cet ouvrage s?intéresse donc particulièrement aux bibliothèques universitaires ; il installe l?usager, le lecteur, l?étudiant au centre des réflexions ; il traite des usages des étudiants, du devenir des collections, du rôle des personnels, de la politique de services aux publics, des indicateurs appropriés et conclut par une vision prospective et stratégique de la bibliothèque.Au-delà des personnels des bibliothèques universitaires, cet essai s?adresse à tous les directeurs et professionnels, quel que soit le type d?établissement?; il nous interroge sur le devenir de nos professions et sur la plus-value apportée à la communauté nationale ; il intéressera à ce titre un lectorat plus large, soucieux de comprendre la place qu?occupe aujourd?hui la bibliothèque dans la construction du savoir. 606 $aAcademic libraries$xAdministration 606 $aLibrary science 606 $aLibrary administration 610 $aapprentissages 610 $abibliothécaires 610 $auniversités françaises 610 $aservices aux usagers 610 $aévaluations 610 $abâtiments 610 $abibliothéconomie 610 $abibliothèques universitaires 610 $aétudiants 615 0$aAcademic libraries$xAdministration. 615 0$aLibrary science. 615 0$aLibrary administration. 700 $aDelcarmine$b Nadine$01302625 701 $aEvans$b Christophe$0927642 701 $aFernex$b Alain$01364610 701 $aNguyen$b Odile$01364611 701 $aRoche$b Florence$01364612 701 $aSaby$b Frédéric$01364613 701 $aRoche$b Florence$01364612 701 $aSaby$b Frédéric$01364613 801 0$bFR-FrMaCLE 906 $aBOOK 912 $a9910251403003321 996 $aL?avenir des bibliothèques$93386050 997 $aUNINA